00189nam a2200085Ia 4500008004100000041000800041100001900049245002600068260000900094230508s1986 xx 000 0 und d aeng aRAMAMRUTHAM S. aSTRENGTH OF MATERIALS c1986